Áp dụng dạy và học tích cực trong môn vật lí Tài liệu tham khảo dùng cho giảng viên sư phạm giáo viên trung học cơ sở môn vật lí, giáo viên tiểu học môn tự nhiên và xã hội

Lí luận cơ bản về dạy và học tích cực, áp dụng dạy và học tích cực trong môn vật lí và một số kế hoạch bài học minh hoạ

Đã lưu trong:
Sonraí Bibleagrafaíochta
Údair Eile: Ngô Quang Sơn (Tác giả), Nguyễn Văn Đoàn (Tác giả)
Formáid: Leabhar
Teanga:Vietnamese
Foilsithe: H. Đại học sư phạm 2003
Ábhair:
Clibeanna: Cuir Clib Leis
Gan Chlibeanna, Bí ar an gcéad duine leis an taifead seo a chlibeáil!
Thư viện lưu trữ: Mạng thư viện Đại học Đà Nẵng
LEADER 01786nam a22004098a 4500
001 000008231
003 4416
005 20111014141009.0
008 111014s2003 b 000 0 vieod
020 |d 700b 
041 0 |a vie 
080 |a 53(07) 
082 |a 530.07  |b Apd 
084 |a U426.44  |b A000Á 
245 1 0 |a Áp dụng dạy và học tích cực trong môn vật lí  |b Tài liệu tham khảo dùng cho giảng viên sư phạm giáo viên trung học cơ sở môn vật lí, giáo viên tiểu học môn tự nhiên và xã hội  |c B.s: Trần Bá Hoành, Ngô Quang Sơn, Nguyễn Văn Đoàn 
260 |a H.  |b Đại học sư phạm  |c 2003 
300 |a 159tr : minh hoạ  |c 29cm 
500 |a Dự án Việt - Bỉ đào tạo giáo viên các trường Cao đẳng sư phạm 7 tỉnh miền núi phía Bắc Việt Nam 
520 |a Lí luận cơ bản về dạy và học tích cực, áp dụng dạy và học tích cực trong môn vật lí và một số kế hoạch bài học minh hoạ 
653 |a Phương pháp giảng dạy 
653 |a Trung học cơ sở 
653 |a Vật lí 
653 |a Tiểu học 
653 |a Sách giáo viên 
700 1 |a Ngô Quang Sơn  |e Tác giả 
700 1 |a Nguyễn Văn Đoàn  |e Tác giả 
910 |a Nguyễn Thị Kim Oanh  |d 14/10/2011 
OWN |a LSP 
AVA |a UDN50  |b LSP  |d 530.07 Apd  |e available  |t Error 5001 Not defined in file expand_doc_bib_avail.  |f 1  |g 0  |h N  |i 0  |k 1 
999 |a From the UDN01 
AVA |a UDN50  |b LSP  |d 530.07 Apd  |e available  |t Error 5001 Not defined in file expand_doc_bib_avail.  |f 1  |g 0  |h N  |i 0  |k 1 
TYP |a Monograph 
TYP |a Printed language 
980 |a Mạng thư viện Đại học Đà Nẵng